Confesiones de un opiómano inglés / (Record no. 28358)

MARC details
000 -LEADER
campo de control de longitud fija 00576nam a22001937a 4500
001 - NÚMERO DE CONTROL
campo de control 00028338
005 - FECHA Y HORA DE LA ÚLTIMA TRANSACCIÓN
campo de control 20260226162223.0
008 - DATOS DE LONGITUD FIJA--INFORMACIÓN GENERAL
campo de control de longitud fija 260226b ag ||||| |||| 00| 0 spa d
040 ## - FUENTE DE CATALOGACIÓN
Centro catalogador/agencia de origen AR-CcCEOS
Lengua de catalogación Español; Castellano
Centro/agencia transcriptor AR-CcCEOS
041 ## - CÓDIGO DE IDIOMA
Código de lengua del texto/banda sonora o título independiente Español; Castellano
080 ## - NÚMERO DE LA CLASIFICACIÓN DECIMAL UNIVERSAL
Número de la Clasificación Decimal Universal 821.111
090 ## - LOCALMENTE ASIGNADO TIPO-LC NÚMERO DE CLASIFICACIÓN (OCLC); NÚMERO DE CLASIFICACIÓN LOCAL (RLIN)
Número cutter local (OCLC) ; Número de libro/Signatura topográfica íntegra, CALL (RLIN) QUI v.62
100 1# - ENTRADA PRINCIPAL--NOMBRE DE PERSONA
Nombre de persona De Quincey, Thomas,
Fechas asociadas al nombre 1785-1859
9 (RLIN) 647
245 ## - MENCIÓN DEL TÍTULO
Título Confesiones de un opiómano inglés /
Mención de responsabilidad, etc. Thomas de Quincey
264 ## - PRODUCCIÓN, PUBLICACIÓN, DISTRIBUCIÓN, FABRICACIÓN Y COPYRIGHT
Producción, publicación, distribución, fabricación y copyright Buenos Aires :
Nombre del de productor, editor, distribuidor, fabricante Centro Editor de America Latina,
Fecha de producción, publicación, distribución, fabricación o copyright c1978.
300 ## - DESCRIPCIÓN FÍSICA
Extensión 78 p. ;
Dimensiones 19x13 cm.
490 ## - MENCIÓN DE SERIE
Designación de volumen o secuencia Colección Biblioteca Total
942 ## - ELEMENTOS DE ENTRADA SECUNDARIOS (KOHA)
Fuente de la clasificación o esquema de estantería Clasificación decimal universal
Tipo de ítem Koha Libros
Suprimir en OPAC No
Holdings
Estatus retirado Estado de pérdida Fuente de la clasificación o esquema de estantería Estado de daño No para préstamo Biblioteca de origen Biblioteca actual Fecha de adquisición Número de inventario Total de préstamos Signatura topográfica completa Información codificada de la localización en otra ubicación Colección Código de barras Visto por última vez Precio de reemplazo Tipo de ítem Koha
    Clasificación decimal universal     Biblioteca Julio Serebrinsky Biblioteca Julio Serebrinsky 26/02/2026 43032   821.111 QUI v.62 SER 43032 26/02/2026 26/02/2026 Libros